000 00651nam a2200193Ii 4500
003 JO-AjNU
008 230605s9999||||xx |||||||||||||| ||und||
040 _aJO-AjNU
_bara
_erda
_cJO-AjNU
041 _aara
050 1 4 _aPB35.K4292
100 3 _aخرما، نايف مؤلف/حجاج، علي م.مشارك,
_eauthor
_936680
245 0 0 _aاللغات الأجنبية تعليمها وتعلمها
264 3 1 _aبيروت:دار القلم ,د.ت
300 _a260ص
336 _atext
_btxt
_2rdacontent
337 _aunmediated
_bn
_2rdamedia
338 _avolume
_bnc
_2rdacarrier
650 4 _aاللغة-اللغات الأجنبية
_936681
999 _aA15261
_c18829
_d18829